000 00311nam a22001337a 4500
008 170412b xxu||||| |||| 00| 0 eng d
020 _a9780314041784
041 _aeng
080 _a612.39
100 _a10
101 _aSHM
245 _aUNDERSTANDING NORMAL & CLINICAL NUTRITION
_cWHITNEY
942 _2udc
_cBK
999 _c10499
_d10499